Statistics for Countries With Highest Population By Religion

Click here to take the quiz!

General Stats

  • This quiz has been taken 111 times
  • The average score is 3 of 9

Answer Stats

ReligionsCountry with most population percentage of Corresponding Religion% Correct
ChristianVatican City
63%
JudaismIsrael
59%
HinduismNepal
54%
SikhismIndia
52%
Chinese Traditional ReligionsTaiwan
36%
BuddhismCambodia
33%
IslamMaldives
21%
Unaffiliated GroupsCzech Republic
15%
Ethnic And IndigenousHaiti
3%

Score Distribution

Percentile by Number Answered

Percent of People with Each Score

Your Score History

You have not taken this quiz